000 00768nam a2200241 i 4500
001 178160
003 ES-MaACL
005 20230906220504.0
007 t|
008 110520s1967 sp r ||||1| spa d
080 _a274(44)
100 1 _aRouquette, Robert.
_9146628
245 1 3 _aLa teología protestante en Francia /
_cRobert Rouquette ; [traducción de Joaquín Blázquez].
260 _aBarcelona :
_bHerder,
_c1967.
300 _a69 p. ;
_c18 cm.
490 1 _aPequeña biblioteca Herder ;
_v81
504 _aBibliografía: p. 61-69.
650 0 4 _aProtestantismo-
_zFrancia.
_9146629
700 0 _aBlázquez, Joaquín.
_929440
830 0 _aPequeña biblioteca Herder ;
_v81
_9190720
852 _aES-MaACL
_jE-15174
_xOlim P-274
999 _c178160
_d178160